banner koha

Tocantins quer conquistar mercado de flores tropicais (Registro n. 300827)

MARC details
000 -LÍDER
fixed length control field 00933nab a2200289 4500
003 - CÓDIGO MARC DA AGÊNCIA CATALOGADORA
Campo de controle BR-BrBNA
005 - DATA E HORA DA ÚLTIMA ATUALIZAÇÃO
Campo de controle 20240815095017.0
008 - CAMPO DE TAMANHO FIXO
fixed length control field 240811b bl.||||| |||| 00| 0 por d
040 ## - FONTE DA CATALOGAÇÃO
Agência catalogadora BR-BrBNA
Idioma da catalogação por
072 ## - CATEGORIA AGRIS
Código AGRIS F01 ; E70 ; E71
Código do objeto 3300
100 ## - ENTRADA PRINCIPAL - NOME PESSOAL
Nome pessoal Portz, Neca
245 ## - TÍTULO PRINCIPAL
Título principal Tocantins quer conquistar mercado de flores tropicais
500 ## - NOTA GERAL
Nota geral 13 illus.
942 ## - ADDED ENTRY ELEMENTS (KOHA)
Koha item type
650 ## - ASSUNTO - THESAGRO
Cabeçalho tópico ou nome geográfico FLORICULTURA
650 ## - ASSUNTO - THESAGRO
Cabeçalho tópico ou nome geográfico PLANTA ORNAMENTAL
650 ## - ASSUNTO - THESAGRO
Cabeçalho tópico ou nome geográfico FLOR TROPICAL
650 ## - ASSUNTO - THESAGRO
Cabeçalho tópico ou nome geográfico ASSOCIAÇÃO RURAL
650 ## - ASSUNTO - THESAGRO
Cabeçalho tópico ou nome geográfico JARDINAGEM
650 ## - ASSUNTO - THESAGRO
Cabeçalho tópico ou nome geográfico PAISAGISMO
650 ## - ASSUNTO - THESAGRO
Cabeçalho tópico ou nome geográfico MERCADO PRODUTOR
650 ## - ASSUNTO - THESAGRO
Cabeçalho tópico ou nome geográfico COMERCIALIZAÇÃO
650 ## - ASSUNTO - THESAGRO
Cabeçalho tópico ou nome geográfico EXPORTAÇÃO
650 ## - ASSUNTO - THESAGRO
Cabeçalho tópico ou nome geográfico TOCANTINS
773 0# - ENTRADA ANALÍTICA
Host Biblionumber 4604
Registro do item 317181
Imprenta Palmas - Tocantins Terranova Gráfica e Editora Jornalística Ltda 2005
Outro identificador 2024-3805
Título Cerrado Rural Agronegócios (Brazil)
ISSN 1980-2595
Colação v. 3(10) p. 12-21; (Sep 2005)
Número de controle de registro BR2024002412

Nenhum exemplar disponível.

BINAGRI

Telefone: (61)3218-2567/2388/3357/2097 - binagri@agro.gov.br

Ministério da Agricultura e Pecuária , Esplanada dos Ministérios, Bloco D, Anexo B, Brasília/DF, CEP: 70.043-900